书目信息 |
| 题名: |
Microsoft Word 2002 标准教程
|
|
| 作者: | ;徐东华 译 ;微软公司 著 | |
| 分册: | ||
| 出版信息: | 北京 北京大学出版社 2001.11 |
|
| 页数: | 253页 | |
| 开本: | 23cm | |
| 丛书名: | ||
| 单 册: | ||
| 中图分类: | TP391.12 | |
| 科图分类: | ||
| 主题词: | 计算机应用 | |
| 电子资源: | ||
| ISBN: | 7-301-05255-3 | |
| 000 | 00664nam0 2200205 45 | |
| 001 | 0261240731 | |
| 005 | 2002051717004011 | |
| 010 | @a7-301-05255-3@dRMB 32.00 | |
| 100 | @a20020517d2001 km y0chiy0120 ea | |
| 101 | 0 | @achi |
| 102 | @aCN@b110000 | |
| 200 | 1 | @aMicrosoft Word 2002 标准教程@AMicrosoft Word 2002 Biao Zhun Jiao Cheng@f微软公司著@FWei Ruan Gong Si Zhu@g徐东华等译@GXu Dong Hua Deng Yi |
| 210 | @a北京@c北京大学出版社@d2001.11 | |
| 215 | @a253页@d23cm | |
| 606 | 0 | @a计算机应用 |
| 690 | @aTP391.12@v3 | |
| 702 | 0 | @a徐东华@AXu Dong Hua@4译 |
| 711 | 0 | @a微软公司@AWei Ruan Gong Si@4著 |
| 801 | 0 | @aCN@bPFT@c20020517 |
| 905 | @a安徽大学@dTP391.12@eW506 | |
| Microsoft Word 2002 标准教程/微软公司著/徐东华等译.-北京:北京大学出版社,2001.11 |
| 253页;23cm |
| ISBN 7-301-05255-3:RMB 32.00 |
| ● |
| 相关链接 |
|
|
|
正题名:Microsoft Word 2002 标准教程
索取号:TP391.12/W506
 
预约/预借
| 序号 | 登录号 | 条形码 | 馆藏地/架位号 | 状态 | 备注 |
| 1 | 354591 | 203545912 | 自科库301/301自科库 61排5列3层/ [索取号:TP391.12/W506] | 在馆 | |
| 2 | 354592 | 203545921 | 自科库301/301自科库 64排4列2层/ [索取号:TP391.12/W506] | 在馆 |